000
00330 a2200145 4500
001
154953
040
_c
Escola São Tomás de Aquino
100
_a
LIMA, Mirna
240
1
0
_a
Porta aberta 4º ano
_l
por
245
1
0
_a
Porta aberta 4º ano
300
_a
215
362
0
_a
2011
697
_a
GEOGRAFIA GERAL / VIAGENS
942
_c
BK
999
_c
154953
_d
154953